000
00319nam a2200109Ia 4500
008
200302s9999 xx 000 0 und d
100
_a
Audrey A. Ogilvy & Other
245
_a
Brackhell and its Migrants Twenty-one Years of new Town Growth
260
_b
Her Majesty's Stationery Office
260
_c
1975
300
_a
119 P.,
999
_c
5287
_d
5287